Shapes and diffeomorphisms /
Guardado en:
| Autor Principal: | |
|---|---|
| Formato: | Libro |
| Idioma: | English |
| Publicado: |
Heidelberg ; New York :
Springer,
c2010.
|
| Series: | Applied mathematical sciences (Springer-Verlag New York Inc.) ;
v. 171. |
| Materias: | |
| Etiquetas: |
Agregar Etiqueta
Sin Etiquetas, Sea el primero en etiquetar este registro!
|
| LEADER | 01524cam a2200385 a 4500 | ||
|---|---|---|---|
| 001 | MAT.inmabb006822 | ||
| 008 | 100419s2010####gw#a#####b####001#0#eng#c | ||
| 005 | 20140313141735.0 | ||
| 245 | 1 | 0 | |a Shapes and diffeomorphisms / |c Laurent Younes. |
| 260 | |a Heidelberg ; |a New York : |b Springer, |c c2010. | ||
| 300 | |a xvii, 434 p. : |b il. ; |c 24 cm. | ||
| 490 | 1 | |a Applied mathematical sciences, |x 0066-5452 ; |v v. 171 | |
| 500 | |a "A direct application of what is presented in the book is a branch of the computerized analysis of medical images called computational anatomy"--Back cover. | ||
| 504 | |a Incluye referencias bibliográficas (p. [419]-429) e índice. | ||
| 510 | 4 | |a MR, |c 2011h:53002 | |
| 020 | |a 9783642120541 (acid-free paper) | ||
| 020 | |a 3642120547 (acid-free paper) | ||
| 020 | |z 9783642120558 (e-ISBN) | ||
| 020 | |z 3642120555 (e-ISBN) | ||
| 100 | 1 | |a Younes, Laurent, |d 1963- | |
| 830 | 0 | |a Applied mathematical sciences (Springer-Verlag New York Inc.) ; |v v. 171. | |
| 084 | |a 510 |a 004 |2 GyFmDB | ||
| 650 | 0 | |a Shapes. | |
| 650 | 0 | |a Diffeomorphisms. | |
| 650 | 0 | 7 | |a Diffeomorphismus |2 swd |
| 650 | 0 | 7 | |a Differentialgeometrie |2 swd |
| 650 | 0 | 7 | |a Algorithmische Geometrie |2 swd |
| 650 | 0 | 7 | |a Deformierbares Objekt |2 swd |
| 650 | 0 | 7 | |a Formbeschreibung |2 swd |
| 084 | |a 53-01 (57R27 58-01 65D18 68U10 93B27) |2 msc2000 | ||
| 010 | |a 2010926972 | ||
| 016 | 7 | |a 015563229 |2 Uk | |
| 016 | 7 | |a 1000251713 |2 DE-101 | |
| 040 | |a UKM |c UKM |d YDXCP |d CRU |d IQU |d GWDNB |d OHX |d OCLCQ |d DLC | ||
| 859 | |h 53 |i Y67 |p A-8882 |b BIB. MATEMATICA | ||
